000 00824nam a2200229 a 4500
001 BRCA_1938
005 20190320203616.0
008 840814s1991----mx-#---##b---#001-0#spa-d
020 _a9681900391 (Obra completa)
040 _aDLC
_cDLC
_dDLC
050 4 _aPC4625
_b.A46 1991
100 1 _aAlonso Pedraz, Martín
_95961
245 1 0 _aEnciclopedia del idioma
_bdiccionario histórico y moderno de la lengua española (siglos XII al XX) etimológico, tecnológico, regional e hispanoamericano
_cMartín Alonso Pedraz.
260 _aMéxico
_bAguilar
_c1991
300 _a3 v.
_c27 cm.
440 0 _aColección Obras de consulta
_95962
504 _aBibliografía: p. XLI-LXI (v.1)
505 0 _aContenido : v.1. A-CH. -- v.2. D-M. -- v.3. N-Z
650 1 4 _aEspañol
_vDiccionarios
_95963
902 _aREF
942 _2lcc
_cB
999 _c1708
_d1708